000 00631nam a2200229 a 4500
999 _c5416
_d5416
001 5416
003 BD-JhCC
005 20200322134007.0
008 171213s20142015bg |||| || | 000 0 eng d
035 _a(BD-JhCC)5416
040 _aBD-JhCC
_dBD-JhCC
041 _aeng
082 _222
_a540
_bISL 2015
100 _aIslam, Md. Rabiul
245 _aChemistry First Paper For Classes XI-XII /
_cMd. Rabiul Islam and Gazi Md. Ahsanul Kabir
260 _aDhaka :
_bAbacus Publications,
_c2015.
300 _a415 p. :
_c23 cm.
650 _aChemistry
700 _a Kabir, Gazi Md. Ahsanul
942 _2ddc
_cBK
_03